[Event "EU-ch Hybrid U14 Girls"]
[Site "Tornelo INT"]
[Date "2021.10.15"]
[Round "5"]
[White "Akat, Elifnaz"]
[Black "Naghiyeva, Laman"]
[Result "1-0"]
[WhiteElo "1672"]
[BlackElo "1159"]
[PlyCount "89"]
[EventDate "2021.10.15"]
[EventType "swiss"]
[EventRounds "9"]
[EventCountry "NET"]
[SourceTitle "EXT 2023"]
[Source "ChessBase"]
[SourceDate "2022.10.05"]
[SourceVersion "1"]
[SourceVersionDate "2022.10.05"]
[SourceQuality "1"]
[WhiteTeam "Turkey"]
[BlackTeam "Azerbaijan"]
[WhiteTeamCountry "TUR"]
[BlackTeamCountry "AZE"]

1. e4 e6 2. d4 d5 3. Nd2 Nf6 4. e5 Nfd7 5. f4 c5 6. c3 Nc6 7. Ndf3 cxd4 8. cxd4 Bb4+ 9. Kf2 f6 10. g3 0-0 11. Kg2 Qe8 12. Be3 Ne7 13. Bd3 fxe5 14. fxe5 Nf5 15. Bf2 Nb6 16. Qe2 Bd7 17. Nh3 Rc8 18. Rac1 Be7 19. b3 Ba3 20. Rc2 Rxc2 21. Bxc2 Bb5 22. Qd1 Qc6 23. Nf4 Be7 24. a4 Ba6 25. h4 Rf7 26. Ng5 Bxg5 27. hxg5 g6 28. Bxf5 Rxf5 29. Qd2 Qd7 30. Rc1 Qe7 31. a5 Nd7 32. Rc7 Rf7 33. Nh3 Rf8 34. Qe3 Qf7 35. Nf4 Qe7 36. Nxd5 exd5 37. e6 Qd8 38. Rxd7 Qxa5 39. e7 Re8 40. Qe6+ Kg7 41. Rxd5 Qa1 42. Qf6+ Kg8 43. Rd8 Qf1+ 44. Kh2 Qb5 45. Qf8+ 1-0

[Event "EU-ch Hybrid U14 Girls"]
[Site "Tornelo INT"]
[Date "2021.10.15"]
[Round "6"]
[White "Naghiyeva, Laman"]
[Black "Lazovic, Emilija"]
[Result "0-1"]
[WhiteElo "1159"]
[BlackElo "1325"]
[PlyCount "110"]
[EventDate "2021.10.15"]
[EventType "swiss"]
[EventRounds "9"]
[EventCountry "NET"]
[SourceTitle "EXT 2023"]
[Source "ChessBase"]
[SourceDate "2022.10.05"]
[SourceVersion "1"]
[SourceVersionDate "2022.10.05"]
[SourceQuality "1"]
[WhiteTeam "Azerbaijan"]
[BlackTeam "Serbia"]
[WhiteTeamCountry "AZE"]
[BlackTeamCountry "SRB"]

1. e4 c5 2. Nf3 g6 3. d4 cxd4 4. Nxd4 Nc6 5. Nc3 Bg7 6. Be3 d6 7. Be2 Nf6 8. 0-0 0-0 9. Qd2 Re8 10. Kh1 Bg4 11. f3 Bd7 12. Rad1 a6 13. Nb3 Na5 14. Bh6 Bh8 15. f4 Bg4 16. e5 Nxb3 17. axb3 dxe5 18. fxe5 Qxd2 19. Rxd2 Bxe2 20. Rxe2 Ng4 21. Bf4 Bg7 22. Rfe1 Red8 23. e6 f5 24. h3 Nf6 25. Bc7 Re8 26. Rd1 Rac8 27. Bf4 Nh5 28. Be5 Rcd8 29. Rd7 Rxd7 30. exd7 Rd8 31. Bxg7 Ng3+ 32. Kh2 Nxe2 33. Be5 Nxc3 34. Bxc3 Rxd7 35. Kg3 Kf7 36. Kf4 h6 37. g4 e6 38. gxf5 exf5 39. Ke3 g5 40. Kf3 Kg6 41. Ke2 Kh5 42. Kf3 Kh4 43. Kg2 Re7 44. Kf3 Kxh3 45. Bd4 g4+ 46. Kf2 f4 47. Bf6 Rf7 48. Be5 Kh2 49. Kf1 g3 50. Bd4 f3 51. Bg1+ Kh3 52. Be3 h5 53. c3 h4 54. b4 Kg4 55. Kg1 Rd7 0-1